Bananarama - Statistics

General Stats
  • This quiz has been taken 31 times
  • The average score is 9 of 15
Answer Stats
Hint Answer % Correct
In which year did Bananarama first enter the UK singles chart? 1982
100%
In 1984 which film star was featured in the title of their top 3 hit? Robert De Niro
100%
What was the groups only US number 1 single? Venus
82%
Which of their pop videos was filmed in New York and featured them throwing banana skins out of a truck? Cruel Summer
71%
Which Beatles song did the group successfully cover in 1989? Help
71%
When Jacquie joined the group in 1987 who was she replacing? Siobhan
71%
With which UK group did they team up with for two top 10 hits in 1982? Fun Boy Three
65%
Their first record Aie A Mwana which didn't chart was sung in which African language? Swahili
65%
What was the title of their album from which their first 3 singles were taken from? Deep Sea Skiving
47%
What was the title of their first album with Stock Aitken & Waterman? Wow
47%
Which cover of a hit by the group Steam gave them a 1983 top 5 hit? Na Na Hey Hey Kiss Him Goodbye
35%
What was the groups first hit after becoming a duo? Moving On
29%
Their first two hits were duets .. what was their first hit to be billed just as 'Bananarama'? Shy Boy
29%
What was the groups first hit after leaving Stock Aitken & Waterman? Only Your Love
24%
After a chart hiatus of 12 years which was their 'comeback' UK top 20 single in 2005? Move In My Direction
18%
No matching quizzes found
Score Distribution
Percent of People with Each Score
Percentile by Number Answered
Your Score History
You have not taken this quiz